[Event "Moscow op-B 04th"]
[Site "Moscow"]
[Date "2008.02.09"]
[Round "8"]
[White "Saifullin, Rustam"]
[Black "Badalian, Albert"]
[Result "0-1"]
[WhiteElo "2087"]
[BlackElo "1896"]
[PlyCount "68"]
[EventDate "2008.02.02"]
[EventType "swiss"]
[EventRounds "9"]
[EventCountry "RUS"]
[SourceTitle "CBM 122 Extra"]
[Source "ChessBase"]
[SourceDate "2008.03.04"]
[SourceVersion "1"]
[SourceVersionDate "2008.03.04"]
[SourceQuality "1"]

1. e4 e6 2. d4 d5 3. e5 c5 4. c3 Nc6 5. Nf3 Qb6 6. a3 Bd7 7. b4 cxd4 8. cxd4 Rc8 9. Bb2 Na5 10. Nbd2 Nc4 11. Bxc4 dxc4 12. Rc1 Nh6 13. 0-0 c3 14. Rxc3 Rxc3 15. Bxc3 Bb5 16. Re1 Be7 17. a4 Bd7 18. Qb3 0-0 19. b5 Rc8 20. Rc1 a6 21. Nc4 Qc7 22. Bb2 axb5 23. axb5 b6 24. h3 Qb8 25. Ra1 Qc7 26. Nfd2 Bg5 27. Qb4 Nf5 28. g4 Bxd2 29. Nxd2 Nh4 30. f3 Qc2 31. Kf2 Qd3 32. Kg3 g5 33. Re1 Rc2 34. Ba3 Qxf3+ 0-1

[Event "Moscow op-B 04th"]
[Site "Moscow"]
[Date "2008.02.03"]
[Round "2"]
[White "Badalian, Albert"]
[Black "Orlov, Oleg"]
[Result "0-1"]
[WhiteElo "1896"]
[BlackElo "2238"]
[PlyCount "140"]
[EventDate "2008.02.02"]
[EventType "swiss"]
[EventRounds "9"]
[EventCountry "RUS"]
[SourceTitle "CBM 122 Extra"]
[Source "ChessBase"]
[SourceDate "2008.03.04"]
[SourceVersion "1"]
[SourceVersionDate "2008.03.04"]
[SourceQuality "1"]

1. d4 d5 2. c4 c6 3. cxd5 cxd5 4. Nc3 Nf6 5. Nf3 Nc6 6. Bf4 e6 7. e3 Be7 8. Be2 0-0 9. 0-0 Bd7 10. Rc1 Qa5 11. Qb3 b6 12. a3 a6 13. Bc7 Bd8 14. Bd6 Be7 15. Bxe7 Nxe7 16. Ne5 Rfc8 17. Bd3 Be8 18. Qa2 b5 19. b4 Qb6 20. Qb1 Nc6 21. Nxc6 Rxc6 22. Ne2 Rac8 23. Rc5 h6 24. Rfc1 Nd7 25. Rxc6 Rxc6 26. Rxc6 Qxc6 27. Qc1 Nb6 28. Qxc6 Bxc6 29. Nc1 Nc4 30. Nb3 Nxa3 31. Nc5 Nc4 32. Nxa6 f6 33. Nc5 e5 34. Nb3 Na3 35. Na1 Kf7 36. Kf1 e4 37. Bc2 Nc4 38. Ke2 f5 39. Bb3 Nb2 40. Bc2 g5 41. g3 Kf6 42. Nb3 Nc4 43. Nc1 Be8 44. Ke1 Bh5 45. Bd1 Bxd1 46. Kxd1 f4 47. Ke2 Na3 48. Na2 Nb1 49. gxf4 gxf4 50. exf4 Kf5 51. Ke3 Na3 52. Nc3 Nc2+ 53. Kd2 Nxb4 54. Nxb5 Kxf4 55. Ke2 Kg4 56. Nc7 h5 57. Ne6 h4 58. Kf1 Nd3 59. Ke2 Nb4 60. Kf1 Kh3 61. Kg1 Nd3 62. Ng5+ Kg4 63. Nf7 Kf3 64. Ne5+ Ke2 65. Ng4 h3 66. Ne3 Nf4 67. Nf5 Ke1 68. Ne3 Ne2+ 69. Kh1 Nf4 70. Kg1 Ke2 0-1